[Event "Philadelphia op 17th"]
[Site "Philadelphia"]
[Date "2024.06.27"]
[Round "1"]
[White "Antipov, Mikhail Al"]
[Black "Wang, Jeffery"]
[Result "1-0"]
[WhiteElo "2602"]
[BlackElo "2168"]
[PlyCount "75"]
[EventDate "2024.06.27"]
[EventType "swiss"]
[EventRounds "9"]
[EventCountry "USA"]
[SourceTitle "CBM 221 Extra"]
[Source "ChessBase"]
[SourceDate "2024.09.30"]
[SourceVersion "1"]
[SourceVersionDate "2024.09.30"]
[SourceQuality "1"]

1. e4 e5 2. Nf3 Nc6 3. Bc4 Bc5 4. d3 Nf6 5. 0-0 d6 6. c3 a5 7. Re1 0-0 8. h3 h6 9. Nbd2 Be6 10. Bb5 Nd7 11. Nf1 f5 12. exf5 Bxf5 13. d4 Ba7 14. Be3 exd4 15. Nxd4 Nxd4 16. Bxd4 Bxd4 17. Qxd4 Ne5 18. f4 Ng6 19. Ng3 c6 20. Be2 d5 21. Nxf5 Rxf5 22. g3 Qd6 23. Bg4 Rf6 24. Re2 c5 25. Qd3 Rd8 26. Rae1 Nf8 27. Re8 Kh8 28. Kh2 Qb6 29. Bd1 c4 30. Qd2 Rfd6 31. Qd4 Qxb2+ 32. R1e2 Qb1 33. R8e7 Qg6 34. Rxb7 Ne6 35. Qe5 Nc5 36. Bc2 Nd3 37. Qd4 Re6 38. Rxe6 1-0

[Event "Las Vegas National op"]
[Site "Las Vegas"]
[Date "2023.06.16"]
[Round "4"]
[White "Wang, Jeffery"]
[Black "Leiva Rodriguez, Jeammarco Giuseppe"]
[Result "0-1"]
[WhiteElo "2165"]
[BlackElo "2405"]
[PlyCount "136"]
[EventDate "2023.06.14"]
[EventType "swiss"]
[EventRounds "9"]
[EventCountry "USA"]
[SourceTitle "CBM 214 Extra"]
[Source "ChessBase"]
[SourceDate "2023.07.31"]
[SourceVersion "1"]
[SourceVersionDate "2023.07.31"]
[SourceQuality "1"]

1. e4 c5 2. Nf3 d6 3. d4 cxd4 4. Nxd4 Nf6 5. Nc3 a6 6. Bd3 e5 7. Nde2 Be7 8. 0-0 0-0 9. Ng3 Be6 10. Nd5 Bxd5 11. exd5 g6 12. c4 Nbd7 13. f4 exf4 14. Rxf4 Ne5 15. Be3 Nfd7 16. Rf1 Bg5 17. Bd4 Qe7 18. Qc2 Rae8 19. Rae1 Bh6 20. b4 Qh4 21. Re4 Ng4 22. h3 Rxe4 23. Nxe4 Be3+ 24. Bxe3 Nxe3 25. Qf2 Qxf2+ 26. Rxf2 Ne5 27. Re2 Nxd5 28. cxd5 Nxd3 29. Nxd6 Nxb4 30. Rb2 Nxd5 31. Rxb7 f5 32. Ra7 Rb8 33. Rxa6 Rb2 34. Ra3 Kg7 35. Rd3 Nf6 36. a4 Ra2 37. Rd4 Nh5 38. Nb7 Kf6 39. Nc5 Ke5 40. Rd1 g5 41. Nd3+ Kf6 42. Rf1 Ng3 43. Rf3 Ne2+ 44. Kh2 Rxa4 45. Re3 Nd4 46. Nc5 Ra2 47. Nd7+ Kf7 48. Ne5+ Kg7 49. Rd3 Ne6 50. Rd7+ Kf6 51. Nf3 h6 52. Rd6 Ke7 53. Rb6 Re2 54. Rb7+ Kf6 55. Rb6 Kg7 56. Rb5 Kf6 57. Rb6 Kf7 58. Rb5 Nf4 59. Rxf5+ Kg6 60. Nh4+ Kh5 61. Kg3 Rb2 62. Re5 Ne2+ 63. Kf3 Nd4+ 64. Kg3 Ne2+ 65. Kf3 Nf4 66. Kg3 Rd2 67. Re4 Ne2+ 68. Kf2 Nc3+ 0-1